00827nam a2200253 a 450000100060000000300080000600500170001400800410003102000280007203500190010004000270011904100080014608200260015424501220018026000480030230000340035050400510038465000250043565000180046065000230047870000210050170000290052270000220055168665BD-RjUL20211209081809.0170404s1997 faua b 001 0 eng d a1566702356 (alk. paper) a(BD-RjUL)68875 aDLCcDLCdBD-RjULbeng aeng00223a620.118bPAP 199700aPaper and composites from agro-based resources /cedited by Roger M. Rowell, Raymond A. Young [and] Judith K. Rowell. aBoca Raton :bCRC/Lewis Publishers,cc1997. a[10] 446 p. :bill. ;c25 cm. aIncludes bibliographical references and index. 0aComposite materials. 0aPlant fibers. 0aBiomass chemicals.1 aRowell, Roger M.1 aYoung, Raymond A.d1945-1 aRowell, Judith K.